| Tag |
First Indicator |
Second Indicator |
Subfields |
| LEADER |
00000cam a2200000 a 4500 |
| 001 |
in00000011391 |
| 005 |
20151007052043.0 |
| 008 |
860723s1987 enk b 00110 eng |
| 010 |
|
|
|a 86019188
|
| 020 |
|
|
|a 0198264526 :
|c $44.50 (U.S. : est.)
|
| 035 |
|
|
|a (OCoLC)14067700
|
| 035 |
|
|
|9 AAA6071AM
|
| 040 |
|
|
|a DLC
|c DLC
|d TXA
|d UtOrBLW
|
| 049 |
|
|
|a TXAM
|
| 050 |
0 |
0 |
|a BJ1249
|b .M1644 1987
|
| 082 |
0 |
|
|a 241/.042
|2 19
|
| 100 |
1 |
|
|a Mahoney, John,
|d 1931-
|
| 245 |
1 |
4 |
|a The making of moral theology :
|b a study of the Roman Catholic tradition /
|c John Mahoney.
|
| 264 |
|
1 |
|a Oxford, OX :
|b Clarendon Press ;
|a New York :
|b Oxford University Press,
|c 1987.
|
| 300 |
|
|
|a xxv, 357 pages ;
|c 23 cm.
|
| 336 |
|
|
|a text
|b txt
|2 rdacontent
|
| 337 |
|
|
|a unmediated
|b n
|2 rdamedia
|
| 338 |
|
|
|a volume
|b nc
|2 rdacarrier
|
| 490 |
1 |
|
|a The Martin D'Arcy memorial lectures ;
|v 1981-2
|
| 504 |
|
|
|a Bibliography: pages [xvii]-xxv.
|
| 500 |
|
|
|a Includes index.
|
| 650 |
|
0 |
|a Christian ethics
|x History.
|
| 610 |
2 |
0 |
|a Catholic Church
|x Doctrines
|x History.
|
| 830 |
|
0 |
|a Martin D'Arcy memorial lectures ;
|v 1981-2.
|
| 999 |
|
|
|a MARS
|
| 999 |
f |
f |
|s 486c60e8-f864-31e7-af7d-a91bb1722df7
|i 1d4c29f5-1ade-3abe-9785-ec692562443e
|t 0
|
| 952 |
f |
f |
|p normal
|a Texas A&M University
|b College Station
|c Sterling C. Evans Library
|d Evans: Library Stacks
|t 0
|e BJ1249 .M1644 1987
|h Library of Congress classification
|i unmediated -- volume
|m A14815566911
|
| 952 |
f |
f |
|p normal
|a Texas A&M University
|b College Station
|c Sterling C. Evans Library
|d Evans: Library Stacks
|t 0
|e BJ1249 .M1644 1987
|h Library of Congress classification
|i unmediated -- volume
|m A14811483593
|
| 998 |
f |
f |
|a BJ1249 .M1644 1987
|t 0
|l Evans: Library Stacks
|
| 998 |
f |
f |
|a BJ1249 .M1644 1987
|t 0
|l Evans: Library Stacks
|